000 00229nam a22000857a 4500
008 160831b xxu||||| |||| 00| 0 eng d
100 _9264
_a Satyamurthy, B.V
245 _aHow to draw Cartoons
260 _aNew Delhi
_bPustak Mahal
_c2004
999 _c2922
_d2922